Political Science Quarterly
Salvato in:
| Natura: | testo |
|---|---|
| Pubblicazione: |
s.l.:
s.e.
|
| Tags: |
Aggiungi Tag
Nessun Tag, puoi essere il primo ad aggiungerne!!
|
MARC
| LEADER | 00000 a a2200000 04500 | ||
|---|---|---|---|
| 001 | 24532 | ||
| 003 | |||
| 040 | |||
| 090 | |a 176200 | ||
| 245 | |a Political Science Quarterly | ||
| 260 | |a s.l.: |b s.e. | ||
| 999 | |c 1738 |d 1738 | ||
